000 00859nam a2200253Ia 4500
003 OSt
005 20220923215549.0
006 a|||||r|||| 00| 0
007 ta
008 220922b |||||||| |||| 00| 0 hin d
024 _a179,830
037 _cTextual
040 _aARTS
_cARTS
_bhin
041 _2hin
_ahin
082 _aO152,1J32,11:g(P,3), M6
100 _aभसीन, प्रेमलता
_9156272
245 0 _aमानस पर्याय शब्दावली
246 _aMānas paryāya shabdāvalī
260 _aदिल्ली
_b सन्मार्ग प्रकाशन
_c1986
300 _a324 पृ.
_ccm.
650 _aहिन्दी साहित्य
_9156264
942 _hO152,1J32,11:g(P,3), M6
_cTEXL
_2CC
999 _c333211
_d333211